000 00168nam a2200073Ia 4500
008 170523s9999 xx 000 0 und d
100 _aNORTON- PETER
245 0 _aINTRODUCTION TO COMPUTER
260 _a0
999 _c10933
_d10933